Open Data Biblioteca Nacional de Portugal


República Portuguesa: Ministério da Cultura
Biblioteca Nacional de Portugal

Catálogo da BNP: acesso por Identificadores Unívocos
Registos Bibliográficos associados ao registo de autoridade

Etiqueta de registo: 00000nam 2200025 450
001 2148798
003 http://id.bnportugal.gov.pt/bib/catbnp/2148798
010 ## $a979-886-075-8674
100 ## $a20231110d2023 m y0pory01030103ba
101 1# $apor$aeng
102 ## $aPT
105 ## $aa z 000gy
106 ## $ar
200 1# $aHotel Beat$fJack Kerouac... [et al.]$fsel., trad. e notas biográficas Carlos Ramos$gpref. Álvaro Silveira$gepíl. Cobramor
205 ## $a1ª ed
210 #9 $a[S.l.]$cFantasma,$dcop. 2023
215 ## $a325, [4] p.$cil.$d21 cm
305 ## $aEd. bilingue em português e inglês
675 ## $a821.1/.8-1"19/20"$vBN$zpor$31296217
701 #1 $aKerouac,$bJack,$f1922-1969$4070$3118207
702 #1 $96$aRamos,$bCarlos$4340$31613715
702 #1 $92$aSilveira,$bÁlvaro$4080$31857349
712 02 $aCobramor,$cpseud.$4075$31665288
801 #0 $aPT$bBN$gRPC
856 41 $uhttp://rnod.bnportugal.gov.pt/ImagesBN/winlibimg.aspx?skey=&doc=2148798&img=185419&save=true
900 ## $aBIBNAC$d20231116
966 ## $lBN$mFGMON$sL. 167932 V.$x1
971 ## $ccsilva$d20231110
972 ## $e0$z0$d20231116$viquintas
973 ## $cigoulao$d20231113

Etiqueta de registo: 00254nam 2200025 450
001 2284563
003 http://id.bnportugal.gov.pt/bib/catbnp/2284563
010 ## $a978-989-98678-8-8
021 ## $aPT$b545643/25
100 ## $a20260416d2025 m y0pory01030103ba
101 0# $apor
102 ## $aPT
105 ## $aa z 000gy
106 ## $ar
200 1# $aHaiku de Judas$ffot. Miguel Palhinha$gtercetos Cobramor$gpref. Ricardo Filho de Josefina
205 ## $a1ª ed
210 #9 $a[S.l.]$cNABO - Núcleo Apático das Brigadas do Ócio,$d2025
215 ## $a[101] p.$cil.$d21 cm
675 ## $a821.134.3-1"20"$vBN$zpor$31023893
675 ## $a77Palhinha, Miguel$vBN$zpor$31558084
675 ## $a77.04(=1:469)"20"$vBN$zpor$31426427
700 #1 $aPalhinha,$bMiguel$31557628
702 #1 $aJosefina,$bRicardo Filho de$4080$31569667
712 02 $aCobramor,$cpseud.$4070$31665288
801 #0 $aPT$bBN$gRPC
856 41 $uhttp://rnod.bnportugal.gov.pt/ImagesBN/winlibimg.aspx?skey=&doc=2284563&img=221696&save=true
900 ## $aBIBNAC$d20260429
966 ## $lBN$mFGMON$sL. 181542 V.$x1
971 ## $cabrito$d20260416
972 ## $e0$z0$d20260429$vasantos
973 ## $caalmeid$d20260423

OpendataBNP@bnportugal.pt | Mais informação sobre acesso aos dados BNP